The new political economy : The public use of the private sector
محفوظ في:
| المؤلف الرئيسي: | |
|---|---|
| التنسيق: | كتاب |
| اللغة: | Undetermined |
| منشور في: |
London
Macmillan
1975
|
| الموضوعات: | |
| الوسوم: |
إضافة وسم
لا توجد وسوم, كن أول من يضع وسما على هذه التسجيلة!
|
| Thư viện lưu trữ: | Trung tâm Học liệu Trường Đại học Cần Thơ |
|---|
| LEADER | 00542nam a2200193Ia 4500 | ||
|---|---|---|---|
| 001 | CTU_78504 | ||
| 008 | 210402s9999 xx 000 0 und d | ||
| 082 | |a 322.3 | ||
| 082 | |b S643 | ||
| 100 | |a Smith, Bruce L. R. | ||
| 245 | 4 | |a The new political economy : | |
| 245 | 4 | |b The public use of the private sector | |
| 245 | 0 | |c Bruce L. R. Smith | |
| 260 | |a London | ||
| 260 | |b Macmillan | ||
| 260 | |c 1975 | ||
| 650 | |a Public contracts,Public interest | ||
| 650 | |z United States | ||
| 980 | |a Trung tâm Học liệu Trường Đại học Cần Thơ | ||